[Event "Daventry 4NCL Easter op-A 2nd"]
[Site "Daventry"]
[Date "2022.04.16"]
[Round "3"]
[White "Nelson, Omowale"]
[Black "Dignam, Matthew"]
[Result "0-1"]
[WhiteElo "1945"]
[BlackElo "2134"]
[PlyCount "82"]
[EventDate "2022.04.15"]
[EventType "swiss"]
[EventRounds "7"]
[EventCountry "ENG"]
[SourceTitle "CBM 207 Extra"]
[Source "ChessBase"]
[SourceDate "2022.05.31"]
[SourceVersion "1"]
[SourceVersionDate "2022.05.31"]
[SourceQuality "1"]

1. d4 Nf6 2. c4 g6 3. Nc3 Bg7 4. e4 d6 5. Nf3 0-0 6. h3 a5 7. Be3 Nbd7 8. Be2 e5 9. d5 Nh5 10. g3 h6 11. Qd2 Kh7 12. Nh2 Nhf6 13. g4 Nc5 14. f3 Ne8 15. 0-0-0 a4 16. Nf1 Qe7 17. Ng3 Bd7 18. Rdf1 c6 19. Kb1 Rb8 20. Rd1 a3 21. b3 Na6 22. dxc6 Bxc6 23. Nb5 Bxb5 24. cxb5 Nac7 25. Qb4 Ra8 26. h4 Ne6 27. Bc1 Nd4 28. Bxa3 Qc7 29. Rc1 Qb6 30. Bb2 Nc7 31. Bxd4 exd4 32. Bd3 Ne6 33. Ne2 Nc5 34. Nf4 Be5 35. Nd5 Qa7 36. Rxc5 Qxa2+ 37. Kc1 dxc5 38. Qc4 Qa1+ 39. Bb1 Ra2 40. Qd3 Qb2+ 41. Kd1 Ra1 0-1

[Event "BCF-chT4S 1920 (4NCL)"]
[Site "England"]
[Date "2020.02.08"]
[Round "5.42"]
[White "Nelson, Omowale"]
[Black "Kelmendi, Bajrush"]
[Result "0-1"]
[WhiteElo "2005"]
[BlackElo "1929"]
[PlyCount "116"]
[EventDate "2019.11.09"]
[EventType "team-swiss"]
[EventRounds "11"]
[EventCountry "ENG"]
[SourceTitle "EXT 2022"]
[Source "ChessBase"]
[SourceDate "2021.10.06"]
[SourceVersion "1"]
[SourceVersionDate "2021.10.06"]
[SourceQuality "1"]
[WhiteTeam "Watford"]
[BlackTeam "Celtic Tigers II"]
[WhiteTeamCountry "ENG"]
[BlackTeamCountry "ENG"]

1. d4 g6 2. c4 Bg7 3. Nf3 b6 4. Nc3 Bb7 5. e4 e6 6. Bg5 Ne7 7. Qd2 h6 8. Be3 d6 9. Bd3 Nd7 10. 0-0 a6 11. Rfe1 c5 12. Rad1 Qc7 13. dxc5 dxc5 14. b4 cxb4 15. Na4 Nc6 16. Bf1 Rd8 17. Qd6 Qxd6 18. Rxd6 Bf8 19. Rd2 Bc5 20. Red1 Ke7 21. Bxc5+ Nxc5 22. Nxb6 Rxd2 23. Rxd2 Rd8 24. Be2 Nxe4 25. Rxd8 Kxd8 26. Bd1 Kc7 27. Na4 Na5 28. Nb2 Nc3 29. Bb3 Bxf3 30. gxf3 Nxb3 31. axb3 Ne2+ 32. Kf1 Nd4 33. Nd3 Nxb3 34. Nxb4 a5 35. Nd3 Nd2+ 36. Ke2 Nxc4 37. Kd1 Kd6 38. Kc2 Ne5 39. Ne1 Kc5 40. Kc3 a4 41. h3 Nc6 42. Nd3+ Kd5 43. Ne1 f6 44. Nc2 g5 45. Ne3+ Ke5 46. Ng4+ Kf4 47. Nxf6 Kxf3 48. Ng4 h5 49. Nf6 Kxf2 50. Ne4+ Ke3 51. Nxg5 Nd8 52. Kb4 Kf4 53. h4 Kg4 54. Kxa4 Kxh4 55. Ne4 Kg4 56. Kb3 h4 57. Kc3 h3 58. Kd2 Kf3 0-1

[Event "BCF-chT4S 1920 (4NCL)"]
[Site "England"]
[Date "2020.01.12"]
[Round "4.22"]
[White "Dias, Savin"]
[Black "Nelson, Omowale"]
[Result "0-1"]
[WhiteElo "1990"]
[BlackElo "2005"]
[PlyCount "84"]
[EventDate "2019.11.09"]
[EventType "team-swiss"]
[EventRounds "11"]
[EventCountry "ENG"]
[SourceTitle "EXT 2022"]
[Source "ChessBase"]
[SourceDate "2021.10.06"]
[SourceVersion "1"]
[SourceVersionDate "2021.10.06"]
[SourceQuality "1"]
[WhiteTeam "Wood Green Youth"]
[BlackTeam "Watford"]
[WhiteTeamCountry "ENG"]
[BlackTeamCountry "ENG"]

1. e4 c6 2. d4 d5 3. Nc3 dxe4 4. Nxe4 Bf5 5. Ng3 Bg6 6. h4 h6 7. Nf3 Nd7 8. h5 Bh7 9. Bd3 Bxd3 10. Qxd3 e6 11. Bd2 Ngf6 12. 0-0-0 Qc7 13. Kb1 0-0-0 14. Rh4 Bd6 15. Ne4 Nxe4 16. Qxe4 Kb8 17. c4 c5 18. dxc5 Nxc5 19. Qc2 e5 20. b4 Ne6 21. Bc3 f6 22. Qf5 Qe7 23. c5 Bc7 24. Rhh1 a5 25. a3 Nf4 26. Qe4 Qf7 27. Kb2 a4 28. Qc2 Qc4 29. Nd2 Nd3+ 30. Ka1 Qf4 31. Nf3 e4 32. Nd4 Qxf2 33. Qxa4 Be5 34. Rd2 Qf4 35. Rh4 Qxh4 36. Qb5 Bxd4 37. c6 Bxc3+ 38. Ka2 Nxb4+ 39. axb4 Rxd2+ 40. Ka3 Rd7 41. cxd7 Qe1 42. Qb6 Qd2 0-1

[Event "London Classic op 11th"]
[Site "London"]
[Date "2019.11.30"]
[Round "2"]
[White "Kumar, Sanjit S"]
[Black "Nelson, Omowale"]
[Result "0-1"]
[WhiteElo "1469"]
[BlackElo "1924"]
[PlyCount "104"]
[EventDate "2019.11.29"]
[EventType "swiss"]
[EventRounds "9"]
[EventCountry "ENG"]
[SourceTitle "CBM 193 Extra"]
[Source "ChessBase"]
[SourceDate "2020.01.31"]
[SourceVersion "1"]
[SourceVersionDate "2020.01.31"]
[SourceQuality "1"]

1. e4 c6 2. d4 d5 3. e5 Bf5 4. h4 Qb6 5. Bd3 Qxd4 6. Nf3 Qg4 7. Bxf5 Qxf5 8. Nbd2 e6 9. b3 Bb4 10. 0-0 Nd7 11. Bb2 Nh6 12. a3 Bc5 13. b4 Bb6 14. c4 0-0 15. c5 Bc7 16. Nc4 dxc4 17. Qxd7 Rac8 18. Qd4 Rfd8 19. Qxc4 Ng4 20. Rad1 Nxe5 21. Nxe5 Bxe5 22. Bxe5 Qxe5 23. Rd3 h5 24. Rfd1 Rd5 25. Rxd5 exd5 26. Qd4 Qe2 27. Qd3 Re8 28. Qxe2 Rxe2 29. Rd3 f6 30. Rb3 Rc2 31. Re3 Kf7 32. g3 a5 33. bxa5 Rxc5 34. Rb3 Rb5 35. Rxb5 cxb5 36. Kf1 Ke6 37. Ke2 Kd6 38. Kd3 Kc5 39. Kc3 d4+ 40. Kd3 Kd5 41. f3 f5 42. f4 g6 43. Kd2 Kc4 44. Kc2 d3+ 45. Kd2 Kd4 46. Kd1 Kc3 47. Kc1 d2+ 48. Kd1 Kd3 49. g4 fxg4 50. f5 g3 51. fxg6 g2 52. g7 g1Q# 0-1

[Event "BCF-chT4S 1819 (4NCL)"]
[Site "England"]
[Date "2019.05.05"]
[Round "10.61"]
[White "Adams, Mark"]
[Black "Nelson, Omowale"]
[Result "1/2-1/2"]
[WhiteElo "1971"]
[BlackElo "2012"]
[PlyCount "37"]
[EventDate "2018.11.17"]
[EventType "team-swiss"]
[EventRounds "11"]
[EventCountry "ENG"]
[SourceTitle "EXT 2021"]
[Source "ChessBase"]
[SourceDate "2020.10.23"]
[SourceVersion "1"]
[SourceVersionDate "2020.10.23"]
[SourceQuality "1"]
[WhiteTeam "The Full Ponty"]
[BlackTeam "Watford"]
[WhiteTeamCountry "WLS"]
[BlackTeamCountry "ENG"]

1. e4 c6 2. Ne2 d5 3. e5 Bg4 4. f3 Bd7 5. d4 e6 6. c3 c5 7. Nd2 Nc6 8. f4 Nh6 9. Nf3 Nf5 10. a3 h5 11. Ng3 Nh4 12. Nxh4 Qxh4 13. Be2 g6 14. 0-0 Qd8 15. Be3 Qb6 16. Rb1 cxd4 17. cxd4 Bh6 18. Qd2 Ne7 19. Bd3 1/2-1/2

[Event "BCF-chT4S 1819 (4NCL)"]
[Site "England"]
[Date "2019.05.04"]
[Round "9.41"]
[White "Nelson, Omowale"]
[Black "Smith, Olivia"]
[Result "0-1"]
[WhiteElo "2012"]
[BlackElo "2110"]
[PlyCount "56"]
[EventDate "2018.11.17"]
[EventType "team-swiss"]
[EventRounds "11"]
[EventCountry "ENG"]
[SourceTitle "EXT 2021"]
[Source "ChessBase"]
[SourceDate "2020.10.23"]
[SourceVersion "1"]
[SourceVersionDate "2020.10.23"]
[SourceQuality "1"]
[WhiteTeam "Watford"]
[BlackTeam "Fischer's Catch"]
[WhiteTeamCountry "ENG"]
[BlackTeamCountry "WLS"]

1. d4 Nf6 2. c4 g6 3. Nc3 Bg7 4. e4 d6 5. Nf3 0-0 6. h3 c5 7. d5 Nbd7 8. Bd3 a6 9. 0-0 Rb8 10. a4 Ne8 11. Bf4 Ne5 12. Nxe5 dxe5 13. Be3 b6 14. f4 Nd6 15. f5 gxf5 16. exf5 e4 17. Qg4 Nxf5 18. Rxf5 Bxf5 19. Qxf5 exd3 20. Ne4 e6 21. Qh5 exd5 22. cxd5 Qe7 23. Qf5 Qe5 24. Qxe5 Bxe5 25. a5 Bxb2 26. Ra2 Rbe8 27. Rxb2 Rxe4 28. Bh6 b5 0-1

[Event "Stevenage 4NCL Easter op U2050"]
[Site "Stevenage"]
[Date "2019.04.20"]
[Round "2"]
[White "Nelson, Omowale"]
[Black "Karumazondo, Ragarirai Ernest"]
[Result "1-0"]
[WhiteElo "1953"]
[BlackElo "1896"]
[PlyCount "81"]
[EventDate "2019.04.19"]
[EventType "swiss"]
[EventRounds "7"]
[EventCountry "ENG"]
[SourceTitle "CBM 190 Extra"]
[Source "ChessBase"]
[SourceDate "2019.07.15"]
[SourceVersion "1"]
[SourceVersionDate "2019.07.15"]
[SourceQuality "1"]

1. d4 Nf6 2. Nf3 e6 3. c4 b6 4. g3 Ba6 5. Qa4 Be7 6. Bg2 0-0 7. Nc3 Bb7 8. 0-0 Ne4 9. Qc2 d5 10. Rd1 Nxc3 11. Qxc3 a5 12. Bf4 Na6 13. a3 Rc8 14. Ne5 c5 15. dxc5 Bxc5 16. Qf3 Qe7 17. Qh5 f6 18. Nd3 e5 19. cxd5 exf4 20. Nxf4 Qe5 21. Qg4 f5 22. Qg5 Be7 23. Qh5 Nc5 24. b4 Ne4 25. Ne6 Rf6 26. Bxe4 Qxe4 27. Ng5 h6 28. Nxe4 fxe4 29. Qe5 Bd6 30. Qxe4 Kf7 31. bxa5 bxa5 32. Qa4 Ba6 33. e3 Rc5 34. h4 h5 35. Rac1 Rb5 36. Rc6 Rb2 37. Rxa6 Rfxf2 38. Qe4 Be5 39. Qg6+ Ke7 40. Qe6+ Kd8 41. Ra8+ 1-0

[Event "BCF-chT4S 1819 (4NCL)"]
[Site "England"]
[Date "2018.11.18"]
[Round "2.51"]
[White "Nelson, Omowale"]
[Black "Adebajo, Olufemi"]
[Result "1-0"]
[WhiteElo "2012"]
[BlackElo "1921"]
[PlyCount "193"]
[EventDate "2018.11.17"]
[EventType "team-swiss"]
[EventRounds "11"]
[EventCountry "ENG"]
[SourceTitle "EXT 2021"]
[Source "ChessBase"]
[SourceDate "2020.10.23"]
[SourceVersion "1"]
[SourceVersionDate "2020.10.23"]
[SourceQuality "1"]
[WhiteTeam "Watford"]
[BlackTeam "MK Phoenix II"]
[WhiteTeamCountry "ENG"]
[BlackTeamCountry "ENG"]

1. d4 Nf6 2. c4 g6 3. Nc3 Bg7 4. e4 d6 5. Nf3 0-0 6. h3 e5 7. d5 a5 8. Be3 Na6 9. g4 c6 10. Be2 cxd5 11. cxd5 Bd7 12. Nd2 Rc8 13. Nc4 Be8 14. Bb6 Qe7 15. Bxa5 b5 16. Nd2 Rxc3 17. Bxc3 Nc5 18. Qb1 Bh6 19. Bf3 Nfd7 20. b4 Na4 21. Qd3 Ndb6 22. Nb3 Nxc3 23. Qxc3 Na4 24. Qd3 Bd7 25. Na5 Rb8 26. Nc6 Bxc6 27. dxc6 d5 28. exd5 Qxb4+ 29. Kf1 Nc5 30. Qc2 e4 31. Be2 Bf4 32. Kg2 Bd6 33. Rhd1 Qa5 34. Rab1 Qd8 35. Qc3 Qg5 36. Qe3 Qe5 37. Qg3 Qe7 38. Qe3 Qe5 39. Qg3 Qe7 40. Qc3 Na4 41. Qd4 b4 42. Rb3 Nc3 43. Rxc3 bxc3 44. Qxc3 Ra8 45. Bc4 Qg5 46. Qe3 Qe5 47. Re1 f5 48. Kf1 Bb4 49. d6+ Kg7 50. d7 Bxe1 51. Kxe1 f4 52. Qc1 e3 53. fxe3 fxe3 54. Ke2 Qh2+ 55. Kxe3 Qxh3+ 56. Kd2 Qg2+ 57. Kd3 Qxc6 58. Qb2+ Kh6 59. Qh2+ Kg7 60. Qe5+ Qf6 61. Qe8 Rd8 62. Bb5 Qd6+ 63. Kc4 Qf4+ 64. Kc5 Qc7+ 65. Kb4 Qd6+ 66. Kc4 Qc7+ 67. Kd5 Kf6 68. a4 Rb8 69. Qe6+ Kg7 70. Qe7+ Kh6 71. Ke6 Rb6+ 72. Kf7 Qf4+ 73. Kg8 Rb8+ 74. d8Q Rxd8+ 75. Qxd8 Qxg4 76. Qf8+ Kg5 77. Kxh7 Qh3+ 78. Kg7 Qc3+ 79. Kf7 Qf3+ 80. Ke7 Qe4+ 81. Kd7 Qb7+ 82. Kd6 Qb6+ 83. Kd5 Qb7+ 84. Kd4 Kh5 85. Qh8+ Kg4 86. Be2+ Kg5 87. Qe5+ Kh6 88. a5 Qb2+ 89. Kd5 Qb7+ 90. Kc5 Qa7+ 91. Kb4 Qb7+ 92. Bb5 Qg2 93. a6 Qd2+ 94. Kc5 Qf2+ 95. Kc6 Qa7 96. Qh2+ Kg5 97. Qc7 1-0

[Event "GBR-ch Major 105th"]
[Site "Hull"]
[Date "2018.08.05"]
[Round "9"]
[White "Nelson, Omowale"]
[Black "Rice, Christopher"]
[Result "1/2-1/2"]
[WhiteElo "1966"]
[BlackElo "1972"]
[PlyCount "142"]
[EventDate "2018.07.28"]
[EventType "swiss"]
[EventRounds "9"]
[EventCountry "ENG"]
[SourceTitle "EXT 2019"]
[Source "ChessBase"]
[SourceDate "2018.10.10"]
[SourceVersion "1"]
[SourceVersionDate "2018.10.10"]
[SourceQuality "1"]

1. d4 a6 2. c4 b5 3. cxb5 axb5 4. Qb3 e6 5. Na3 c6 6. g3 Nf6 7. Bd2 Ne4 8. Nb1 Nxd2 9. Nxd2 Ra4 10. Ngf3 Bb4 11. Rd1 Qa5 12. a3 Bxd2+ 13. Rxd2 b4 14. axb4 Rxb4 15. Qc2 Ra4 16. Qc3 Ra1+ 17. Rd1 Rxd1+ 18. Kxd1 Qa7 19. Qa3 Qb6 20. e3 Na6 21. Ne5 Nb4 22. Nd3 Nxd3 23. Bxd3 Qb8 24. Kd2 f5 25. Rc1 Kf7 26. Rc3 Rf8 27. Rb3 Qc7 28. Qc5 d6 29. Qb6 Qxb6 30. Rxb6 Bd7 31. Rb7 Ke7 32. b4 Kd8 33. Kc3 Rf6 34. f4 h5 35. b5 cxb5 36. Rb8+ Kc7 37. Rh8 h4 38. Rxh4 Rh6 39. Rxh6 gxh6 40. Kb4 Kb6 41. e4 Ka6 42. d5 fxe4 43. dxe6 exd3 44. exd7 d2 45. d8Q d1Q 46. Qa8+ Kb6 47. Qb8+ Kc6 48. Qxb5+ Kc7 49. Qa5+ Kb7 50. Qb5+ Kc7 51. Qc4+ Kd7 52. Qf7+ Kc6 53. Qe8+ Kc7 54. Qe3 Kd7 55. Kc3 Qa1+ 56. Kd3 Qb1+ 57. Ke2 Qc2+ 58. Kf3 Qxh2 59. Kg4 Qb2 60. f5 Qg7+ 61. Kf3 Qf6 62. Qe4 Qc3+ 63. Kg4 Qg7+ 64. Kh3 Qf6 65. Qb7+ Kd8 66. Qb8+ Kd7 67. Qb5+ Kd8 68. Qd5 Kd7 69. g4 Qc3+ 70. Kh4 Qf6+ 71. Kh3 Qc3+ 1/2-1/2

[Event "BCF-chT4S 1718 (4NCL)"]
[Site "England"]
[Date "2018.05.06"]
[Round "10.207"]
[White "Nelson, Omowale"]
[Black "McMahon, Paul"]
[Result "1-0"]
[WhiteElo "1946"]
[BlackElo "1964"]
[PlyCount "93"]
[EventDate "2017.11.11"]
[EventType "team-swiss"]
[EventRounds "11"]
[EventCountry "ENG"]
[SourceTitle "EXT 2020"]
[Source "ChessBase"]
[SourceDate "2019.10.17"]
[SourceVersion "1"]
[SourceVersionDate "2019.10.17"]
[SourceQuality "1"]
[WhiteTeam "Watford"]
[BlackTeam "Poisoned Pawns II"]
[WhiteTeamCountry "ENG"]
[BlackTeamCountry "ENG"]

1. d4 d5 2. c4 e6 3. Nf3 Nf6 4. g3 c6 5. Bg2 Nbd7 6. Qc2 Be7 7. 0-0 0-0 8. b3 c5 9. Bb2 b6 10. Nbd2 Bb7 11. Rfd1 Rc8 12. Ne5 cxd4 13. Bxd4 Ba6 14. Qb2 Nc5 15. Rac1 Rc7 16. b4 Ncd7 17. cxd5 Rxc1 18. Rxc1 exd5 19. Nc6 Qe8 20. Nxa7 Bxe2 21. Re1 Bg4 22. Nc6 Be6 23. f4 g6 24. Bh3 Bd6 25. Bxf6 Nxf6 26. Qxf6 Qxc6 27. Rxe6 Qc1+ 28. Nf1 Bxb4 29. Kg2 Qc2+ 30. Kf3 Qd1+ 31. Re2 Re8 32. Qb2 Bc5 33. Qd2 Qa4 34. Rxe8+ Qxe8 35. Qxd5 Qe1 36. Qd2 Qb1 37. Qd8+ Kg7 38. Qd2 Qb5 39. Qd5 Qb1 40. Qe5+ Kg8 41. Qe2 Kg7 42. Kg2 Kg8 43. Bd7 Qb4 44. Bc6 h6 45. Qe8+ Kg7 46. Bd5 Qb2+ 47. Kh3 1-0

[Event "London Classic op"]
[Site "London"]
[Date "2017.12.03"]
[Round "2"]
[White "Stauskas, Lukas"]
[Black "Nelson, Omowale"]
[Result "1-0"]
[WhiteElo "2349"]
[BlackElo "1949"]
[PlyCount "39"]
[EventDate "2017.12.02"]
[EventType "swiss"]
[EventRounds "9"]
[EventCountry "ENG"]
[SourceTitle "CBM 182 Extra"]
[Source "ChessBase"]
[SourceDate "2018.02.23"]
[SourceVersion "1"]
[SourceVersionDate "2018.02.23"]
[SourceQuality "1"]

1. d4 d5 2. Nf3 Nf6 3. c4 dxc4 4. Nc3 a6 5. e4 Bg4 6. Bxc4 e6 7. Be3 Be7 8. Qc2 Bxf3 9. gxf3 0-0 10. Rd1 c6 11. 0-0 Nbd7 12. Kh1 Qc7 13. Rg1 Rfd8 14. e5 Nh5 15. f4 g6 16. f5 c5 17. fxg6 hxg6 18. Rxg6+ Ng7 19. Rdg1 Bf8 20. Rh6 1-0